Για να γνωρίσουμε και να διαπαιδαγωγήσουμε σωστά το παιδί : από τη γέννηση μέχρι τη νεανική του ηλικία
Αποθηκεύτηκε σε:
| Κύριος συγγραφέας: | |
|---|---|
| Μορφή: | Βιβλίο |
| Γλώσσα: | Greek |
| Δημοσίευση: |
Πάτρα :
[χ.ό.],
[198-?]
|
| Θέματα: | |
| Ετικέτες: |
Προσθήκη ετικέτας
Δεν υπάρχουν, Καταχωρήστε ετικέτα πρώτοι!
|
MARC
| LEADER | 00000cam a2200000 i 4500 | ||
|---|---|---|---|
| 001 | 1/49206 | ||
| 008 | 040224q19801985 gre d | ||
| 035 | |l 10072377 | ||
| 040 | |a GR-MY-UA |b gre |e aacr | ||
| 041 | 0 | |a gre | |
| 082 | 0 | |a 649.1 | |
| 100 | 1 | |a Ηλιόπουλος, Ιωάννης Δ. | |
| 245 | 1 | 0 | |a Για να γνωρίσουμε και να διαπαιδαγωγήσουμε σωστά το παιδί : |b από τη γέννηση μέχρι τη νεανική του ηλικία / |c Ιωάννη Δ. Ηλιόπουλου |
| 260 | |a Πάτρα : |b [χ.ό.], |c [198-?] | ||
| 300 | |a 222 σ. | ||
| 650 | 0 | 0 | |a Child rearing. |
| 650 | 0 | 0 | |a Child psychology. |
| 650 | 0 | 0 | |a Parenting. |
| 852 | |a INST |b RHODES |e 20040224 |h 649.1 ΗΛΙ |p 005400019656 |q 005400019656 |t BK |y 0 | ||
| 901 | |a BIBL4-2004-1 | ||
| 909 | |a Ρ |b 105129 | ||
| 970 | |a ΚΟΥΛΑΚΙΟΤΗ |b ΛΙΤΣΑ |z 2004/02/24 | ||